Traduction de vocabulaire en italien #2 - Statistiques

Statistiques générales
  • Ce quiz a été pris 46 fois
  • Le résultat moyen est 12 sur 21
Statistiques - réponses
Français Italien % Correct
Amour Amore
95%
Rose Rosa
95%
Lune Luna
89%
Théâtre Teatro
89%
Corps Corpo
84%
Bleu (foncé) Blu
81%
Livre Libro
81%
Château Castello
78%
Savoir Sapere
76%
Boire Bere
70%
Pays Paese
65%
Lac Lago
49%
Pouvoir Potere
46%
Table Tavolo
46%
Feuille Foglia
35%
Ventre Pancia
24%
Robe Vestito
24%
Lampe Lampada
22%
Bijou Gioiello
16%
Royaume Regno
8%
Feutre Pennarello
3%
Aucun quiz correspondant
Distribution des résultats
% des personnes avec chaque résultat
Percentile par nombre de réponses
Votre historique - résultats
Vous n’avez pas pris ce quiz